A Jász-kúnok története. Köt. 2

Bibliographic Details
Main Author: Gyárfás, István (Author)
Format: Book
Language:Hungarian
PhysicalDescription:X, 487 s. 22 cm
Published: Budapest Jaszságért 1992
ISBN:963 04 2446 0

MARC

LEADER 00000cam a2200000 a 4500
001 vtls001153161
003 SK-MaSNL
005 20260301063211.0
008 250414s1992 hu 0 hun
020 |a 963 04 2446 0 
035 |a SNK000096046 
040 |a SNK  |b slo  |c SNK  |e AACR2 
041 0 |a hun 
044 |a hu  |c HU 
080 |a 329.15(439=915)(091)  |2 1981 
100 1 |a Gyárfás, István  |4 aut  |9 281665 
245 1 0 |a A Jász-kúnok története. Köt. 2  |c István Gyárfás 
260 |a Budapest  |b Jaszságért  |c 1992 
300 |a X, 487 s.  |c 22 cm 
500 |a Faksimile vyd. z r. 1873 
852 |a Slovenská národná knižnica 
919 |a 963 04 2446 0 
954 |a Maďarsko (Uhorsko)  |a Jazygovia  |a Kumáni 
999 |c 623262  |d 625192 
952 |t P60, <04>, [BOOK], {604}  |a SNK  |b SNK  |y VYP  |7 0  |p 17A0440101  |o snkIC 123522/2  |i snkV 3465/93  |0 0  |1 0  |4 0  |d 2004-09-02  |l 0  |r 2005-01-01 00:00:00  |w 2026-02-23